|
|
|
|
| LEADER |
00000nam a2200000 a 4500 |
| 001 |
vtls001517909 |
| 003 |
SK-MaSNL |
| 005 |
20260302073903.0 |
| 008 |
240314s2004 xo o g f 000 0 hun |
| 015 |
|
|
|a SNBE2006/02-00582
|
| 020 |
|
|
|a 8080601496
|q (brož.)
|
| 040 |
|
|
|a SNK
|b slo
|c SNK
|e AACR2
|
| 041 |
1 |
|
|a hun
|h slo
|
| 043 |
|
|
|a e-xo---
|
| 044 |
|
|
|a xo
|c SK
|
| 072 |
|
7 |
|a 72
|x Architektúra
|2 konspekt
|
| 080 |
|
|
|a (437.64)
|2 MDT-MRF
|
| 080 |
|
|
|a (036)
|2 MDT-MRF
|
| 080 |
|
|
|a 728.82
|2 MDT-MRF
|
| 100 |
1 |
|
|a Malečková, Katarína,
|d 1957-
|4 aut
|9 226530
|
| 245 |
1 |
0 |
|a Bojnice Vár
|c [szöveg: Katarína Malečková ; magyar fordítás: Zuzana Ozsvaldová ; fénykép: Milan Gross, Štefan Kačena ; redaktor: Ján Papco]
|
| 250 |
|
|
|a [1. kiad.]
|
| 260 |
|
|
|a Bojnice
|b Szlovák Némzeti Múzeum - Múzeum Bojnice
|c 2004
|
| 300 |
|
|
|a 19 s.
|b fotogr.
|c 21 cm
|
| 500 |
|
|
|a Názov z obalu
|
| 506 |
|
|
|a 6000 výt.
|
| 610 |
2 |
7 |
|a Bojnický zámok
|2 SNKPH
|9 32519
|
| 650 |
0 |
7 |
|a zámky
|2 SNKPH
|9 3041
|
| 651 |
|
7 |
|a Bojnice (Slovensko)
|2 SNKPH
|9 30288
|
| 655 |
|
7 |
|a informačné publikácie
|2 SNKPH
|9 70181
|
| 655 |
|
7 |
|a brožúry
|2 SNKPH
|9 70146
|
| 700 |
1 |
|
|a Ozsvaldová, Zuzana
|4 trl
|9 738852
|
| 700 |
1 |
|
|a Gross, Milan,
|d 1957-
|4 pht
|9 108495
|
| 700 |
1 |
|
|a Kačena, Štefan,
|d 1951-
|4 pht
|9 10090
|
| 700 |
1 |
|
|a Papco, Ján,
|d 1950-
|4 edt
|9 104527
|
| 919 |
|
|
|a 80-8060-149-6
|
| 999 |
|
|
|c 1162732
|d 1164662
|
| 952 |
|
|
|a SNK
|b SNK
|y PREZ
|7 0
|p 17A0460599
|o snkOSC 22908
|i snk2005/3350
|8 0
|0 0
|1 0
|4 0
|d 2005-03-07
|l 0
|r 2026-02-24 20:38:42
|w 2026-02-24
|
| 952 |
|
|
|a SNK
|b SNK
|y VYP
|7 0
|p 17A0460600
|o snkOSC 22908 D1
|i snk2005/3351
|8 0
|0 0
|1 0
|4 0
|d 2005-03-07
|l 0
|r 2026-02-24 20:38:43
|w 2026-02-24
|